| 000 | 00679nam a2200193u 4500 | ||
|---|---|---|---|
| 001 | 8173272 | ||
| 005 | 20110520123856.0 | ||
| 008 | 851018n xx 000 0 eng | ||
| 035 | _9(DLC)unk85052981 | ||
| 906 |
_a0 _bcbc _cpremunv _du _encip _f19 _gy-gencatlg |
||
| 010 | _aunk85052981 | ||
| 040 |
_aDLC _cCarP _dDLC |
||
| 050 | 0 | 0 | _aLAW <Malawi 5> |
| 110 | 2 |
_aNyasaland Protectorate. _bHigh Court. [from old catalog] |
|
| 245 | 0 | 0 | _aLaw reports containing cases determined by the High Court of Myasaland and of the Court of Appeal for Eastern Africa. |
| 260 |
_aZomba, _bNyasaland, Government Printer _c[n.d.] |
||
| 300 | _ap. cm. | ||
| 991 |
_bc-LL _hLAW <Malawi 5> _tCopy 1 _wPREM |
||
| 999 |
_c2132 _d2132 |
||